|
|
|
|
| LEADER |
00000nam2a2200000 4500 |
| 001 |
247727 |
| 005 |
20231101232325.0 |
| 035 |
|
|
|a (RuTPU)RU\TPU\book\269313
|
| 035 |
|
|
|a RU\TPU\book\77971
|
| 090 |
|
|
|a 247727
|
| 100 |
|
|
|a 20140114d1988 k y0rusy50 ca
|
| 101 |
0 |
|
|a rus
|
| 102 |
|
|
|a RU
|
| 105 |
|
|
|a y z 001zy
|
| 200 |
0 |
|
|a Вып. 15
|f науч. ред. Я. И. Заботин
|
| 210 |
|
|
|d 1988
|
| 215 |
|
|
|a 132 с.
|
| 320 |
|
|
|a Библиография в конце статей
|
| 461 |
|
1 |
|0 (RuTPU)RU\TPU\book\77969
|t Исследования по прикладной математике
|o сборник статей
|v Вып. 15
|d 1973-
|
| 606 |
1 |
|
|a Математика прикладная
|2 stltpush
|3 (RuTPU)RU\TPU\subj\53312
|9 71627
|
| 610 |
1 |
|
|a математика
|
| 610 |
1 |
|
|a моделирование
|
| 610 |
1 |
|
|a исследования
|
| 610 |
1 |
|
|a оптимизация
|
| 610 |
1 |
|
|a математическая статистика
|
| 610 |
1 |
|
|a теория
|
| 610 |
1 |
|
|a методы
|
| 610 |
1 |
|
|a решение задач
|
| 610 |
1 |
|
|a численные методы
|
| 610 |
1 |
|
|a АОС
|
| 610 |
1 |
|
|a сборники
|
| 675 |
|
|
|a 51-7
|v 3
|
| 702 |
|
1 |
|a Заботин
|b Я. И.
|4 340
|
| 801 |
|
1 |
|a RU
|b 63413507
|c 20050210
|g PSBO
|
| 801 |
|
2 |
|a RU
|b 63413507
|c 20140114
|g PSBO
|
| 942 |
|
|
|c BK
|